000 00488nam a22001817a 4500
005 20260121122129.0
008 260121b |||||||| |||| 00| 0 eng d
020 _a9789352837311
_c595.00
040 _aMAIN
041 _aEnglish
082 _a338.5
_bAHU
100 _aAhuja, H. L.
_9300
245 _aPrinciples of Microeconomics
_b: A New Look Textbook of Microeconomics Theory
260 _aNew Delhi
_bS. Chand
_c2026
300 _a850
650 _aEconomics
_979
942 _cBK
999 _c60024
_d60024